000 00285nam a22001217a 4500
082 _a158
_bEXC/T
100 _aKERALA STATE
245 _aTHELIVANAM VARAKKUNNAVAR
260 _aKERALA
_bKERALA STATE EXCISE DEPARTMENT
300 _a48
650 _aMOTIVATIONAL BOOK
_zKERALA
942 _cBK
999 _c6847
_d6847